| 000 | 00691cam a22002292 4500 | ||
|---|---|---|---|
| 001 | 0000005247 | ||
| 005 | 20151217151958.0 | ||
| 008 | 070608s xx 000 0 eng d | ||
| 020 |
_a9971512661 : _cKES 830 |
||
| 040 |
_aKABU _cKABU |
||
| 050 | 0 |
_aTK7871.85 _b.S94 1981 |
|
| 100 | 1 |
_aSze, S. M. _@0000156430 |
|
| 245 | 1 | 0 |
_aPhysics of semiconductor devices / _cS. M. Sze. |
| 250 | _a2nd ed. | ||
| 260 |
_aNew York : _bJohn Wiley & Sons, _cc1981. |
||
| 300 |
_axii, 868 p. ; _c23 cm. |
||
| 650 | 0 |
_aSemiconductors. _@0000156427 |
|
| 908 | _a070608 | ||
| 950 | _@1 | ||
| 999 |
_c6942 _d6942 |
||